| 000 | 00460 a2200157 4500 | ||
|---|---|---|---|
| 005 | 20250621074527.0 | ||
| 020 | _a978-0-07-243886-4 | ||
| 082 | _aLM 681.2 DOE | ||
| 100 | _aDOEBELIN, E. O. | ||
| 245 | _aMeasurement Systems: Application and Design. | ||
| 250 | _a5th Ed. | ||
| 260 |
_aNew York, _bMcGraw-Hill, _c2004. |
||
| 300 |
_axxi,1078p.: ill.; figure _bIndex, _c23cm. |
||
| 856 |
_yAccess Online Book _fMeasurement Systems _dwww.mhhe.com |
||
| 942 |
_2ddc _cBKS |
||
| 999 |
_c4093 _d4093 |
||